| 000 | 00333nam a2200121Ia 4500 | ||
|---|---|---|---|
| 008 | 220120s9999||||xx |||||||||||||| ||und|| | ||
| 020 | _a9788131710265 | ||
| 100 | _aAgrawal, Govind, P. | ||
| 245 | 0 | _aFiber optic communications | |
| 260 |
_aJohn wiely & sons Inc. _bNoida _c2003 |
||
| 300 |
_axii;547 _b455 |
||
| 650 | _aCOMPUTER SCIENCE | ||
| 999 |
_c132447 _d132447 |
||